Tvorba a čerpanie rezerv súvisiacich s pandémiou COVID-19

Salvato in:
Dettagli Bibliografici
Autore principale: Antalová, Renáta
Altri autori: Máziková, Katarína
Natura: Capitolo di libro
Lingua:inglese
Soggetti:
Tags: Aggiungi Tag
Nessun Tag, puoi essere il primo ad aggiungerne!!

MARC

LEADER 00000naa$a2200000$$$4500
001 0270764
005 20240502074239.9
041 0 |a eng 
044 |a SK 
245 1 0 |a Tvorba a čerpanie rezerv súvisiacich s pandémiou COVID-19  |c Renáta Antalová, Katarína Máziková 
500 |a abstrakt 
610 2 0 |a rezervy 
610 2 0 |a pandémia 
610 2 0 |a koronavírus 
610 2 0 |a riziko 
100 1 |a Antalová, Renáta 
700 1 |a Máziková, Katarína